Biggest Cities in The Roman Empire on a Map - Statistics

General Stats
  • This quiz has been taken 1,769 times
  • The average score is 6 of 16
Answers on the Map
Answers color-coded by a green-red scale on the quiz's map according to % correct below.
 
Answer Stats
Country Population Answer % Correct
Italy 350 Rome
100%
Egypt 216 Alexandria
87%
Tunisia 50 Carthage
84%
Turkey 34 Ancyra
54%
Turkey 90 Smyrna
47%
Turkey 90 Antioch
36%
Greece 50 Corinth
36%
Egypt 34 Memphis
36%
Spain 65 Cadiz
27%
Turkey 51 Ephesus
19%
Italy 36 Capua
14%
Turkey 34 Nicomedia
9%
Croatia 60 Salona
6%
Jordan 40 Jerash
2%
Syria 37 Apamea
1%
Egypt 34 Oxyrhyncus
1%
No matching quizzes found
Score Distribution
Percent of People with Each Score
Percentile by Number Answered
Your Score History
You have not taken this quiz